| 000 | 00708nam a2200217Ia 4500 | ||
|---|---|---|---|
| 008 | 191130s2003##################000#0#eng## | ||
| 020 | _a9780199298914 | ||
| 040 |
_aACL _cACL |
||
| 082 | _a361.610941 GRA | ||
| 100 | _aGrand, Julian Le | ||
| 245 |
_aMotivation, agency, and public policy: of knights and knaves, pawns and queens _cJulian Le Grand |
||
| 260 |
_aOxford _bOxford University Press _cc2003 |
||
| 300 | _axiv, 233 p. : ill. ; 24 cm | ||
| 500 | _aIncludes bibliographical references and index | ||
| 650 | _aGreat Britain --Social policy | ||
| 650 | _aPublic administration | ||
| 650 | _aWelfare state | ||
| 990 | _a6b93035bac10000c5a8ea9d25d69cd5e | ||
| 991 | _a182847 | ||
| 999 |
_c15221 _d15221 |
||